000 00614nam a2200241Ia 4500
003 OSt
005 20221005121651.0
006 a|||||r|||| 00| 0
007 ta
008 221004b |||||||| |||| 00| 0 kan d
024 _a61516
037 _cTextual
040 _aCRL
_cCRL
_bkan
041 _2kan
_akan
082 _aO33,3NPA6,1, L1
100 _aParthasarathy Au.
_9229639
245 0 _aHoovunavu theerthe
260 _c1971
650 _a KANNAD LITERATURE
650 _aKANNAD FICTION
942 _hO33,3NPA6,1, L1
_cTEXL
_2cc
999 _c1041885
_d1041885